Marine natural resources and technological development : an economic analysis of the wealth from the oceans
Saved in:
| Main Author: | |
|---|---|
| Format: | Book |
| Language: | English |
| Published: |
New York :
Routledge,
2008
|
| Series: | Routledge studies in development and society ;
; 14 |
| Subjects: | |
| Tags: |
Add Tag
No Tags, Be the first to tag this record!
|
MARC
| LEADER | 00000nam a2200000 i 4500 | ||
|---|---|---|---|
| 001 | 1/86761 | ||
| 008 | 080528s2008 eng d | ||
| 020 | |a 0-415-95852-0 | ||
| 035 | |l 10097726 | ||
| 040 | |a GR-MY-UA |b gre |e aacr | ||
| 041 | 0 | |a eng | |
| 082 | 0 | |a 333.9164 |2 (22) | |
| 100 | 1 | |a Colazingari, Marco. | |
| 245 | 1 | 0 | |a Marine natural resources and technological development : |b an economic analysis of the wealth from the oceans / |c Marco Colazingari |
| 260 | |a New York : |b Routledge, |c 2008 | ||
| 300 | |a xx, 235 σ.; |b εικ.; |c 24 εκ. | ||
| 490 | 1 | |a Routledge studies in development and society |v ; 14 | |
| 504 | |a Βιβλιογραφία: σ. [215]-225 | ||
| 504 | |a Ευρετήριο: σ. [227]-235 | ||
| 650 | 0 | 0 | |a Marine resources. |
| 830 | 0 | |a Routledge studies in development and society ; |v ; 14 | |
| 852 | |a INST |b LESVOS |e 20080528 |h 333.9164 COL |p 005100041548 |q 005100041548 |t BK |y 0 | ||
| 901 | |a BIBL1-2008-2 | ||
| 909 | |a Λ |b 152496 | ||
| 922 | |a 1ΕΛΗ |b 200803 |c ΕΠΕΑΕΚ2/ΤΠ |d ΕΛΕΥΘΕΡΟΥΔΑΚΗΣ | ||
| 970 | |a ΚΑΡΑ |b ΓΙΑΣΕΜΗ |z 2008/05/28 | ||